Most Popular Anime of All Time - Statistics

General Stats
  • This quiz has been taken 1,108 times
  • The average score is 9 of 17
Answer Stats
Rank Answer % Correct
3 Naruto / Naruto: Shippuden
97%
4 One Piece
94%
1 Dragon Ball / Dragon Ball Z
87%
16 Bleach
79%
8 Attack on Titan
76%
13 Death Note
68%
6 Demon Slayer: Kimetsu no Yaiba
64%
10 Jujutsu Kaisen
55%
2 Pokémon
55%
15 My Hero Academia
52%
14 Hunter x Hunter
48%
17 JoJo's Bizarre Adventure
35%
5 Sailor Moon
31%
7 Sword Art Online
29%
12 Fullmetal Alchemist: Brotherhood
24%
9 Cowboy Bebop
19%
11 Mobile Suit Gundam Wing
2%
No matching quizzes found
Score Distribution
Percent of People with Each Score
Percentile by Number Answered
Your Score History
You have not taken this quiz